• 首页
  • 本馆介绍
  • 公告通知
  • 最新文献
  • 馆藏检索
  • 电子资源
  • 读者导购
  • 参考咨询
  • 我的图书馆
  • 登录
  • 详细信息显示
  • 放入我的书架
  • 预约/预借图书
  • 作者相关作品
  • 分类相关作品
  • 丛书相关作品
  • 出版社相关作品

书目信息

  • 表格格式
  • 工作单格式
  • 卡片格式
题名:
物种起源彩图馆
    
 
作者: 达尔文 著 ;王羽 编译
分册:  
出版信息: 北京   中国华侨出版社  2016
页数: 441页
开本: 25cm
丛书名:
单 册:
中图分类: Q111.2
科图分类:
主题词: 达尔文学说--da er wen xue shuo--普及读物
电子资源:
ISBN: 978-7-5113-5891-2
000 00908nam0 22002531 450
001 0122100744
005 20170322100744.0
010    @a978-7-5113-5891-2@dCNY39.80
100    @a20160718d2016 em y0chiy50 ea
101 1  @achi@ceng
102    @aCN@b110000
105    @aa z 000yy
106    @ar
200 1  @a物种起源彩图馆@9wu zhong qi yuan cai tu guan@f(英)达尔文著@g王羽编译
210    @a北京@c中国华侨出版社@d2016
215    @a441页@d25cm
300    @a中侨彩图馆/刘凤珍主编
330    @a本书包括家养状况下的变异、自然状况下的变异、最适者生存的自然选择、变异的法则、学说的难点、对于自然选择学说的种种异议、本能等内容。
606 0  @a达尔文学说@9da er wen xue shuo@j普及读物
690    @aQ111.2@v5
701  0 @c(英)@a达尔文@9da er wen@c(Darwin, Charles Robert@f1809~1882)@4著
702  0 @a王羽@9wang yu@c(翻译工作)@4编译
801  0 @aCN@bTANGWEI@c20170308
905    @b0959430-3@dQ111.2@e190@f4
    
    物种起源彩图馆/(英)达尔文著/王羽编译.-北京:中国华侨出版社,2016
    441页;25cm
    中侨彩图馆/刘凤珍主编
    
    ISBN 978-7-5113-5891-2:CNY39.80
    本书包括家养状况下的变异、自然状况下的变异、最适者生存的自然选择、变异的法则、学说的难点、对于自然选择学说的种种异议、本能等内容。
●
相关链接 在E读中查询图书 在五车中查询图书 在当当中查询图书 在豆瓣中查询图书


正题名:物种起源彩图馆     索取号:Q111.2/190         预约/预借

序号 登录号 条形码 馆藏地/架位号 状态 备注
1 0959430   209594303   第二样本阅览室/ [索取号:Q111.2/190] 在馆    
2 0959431   209594312   第三借阅区/ [索取号:Q111.2/190] 在馆    
3 0959432   209594321   第三借阅区/ [索取号:Q111.2/190] 在馆    
4 0959433   209594330   第三借阅区/ [索取号:Q111.2/190] 在馆    
唐山师范学院图书馆 欢迎您!
大连网信软件有限公司© 版权所有